Responses for Show #6119 - Thursday, March 31, 2011

Contestants

[<< previous game]

Amanda Wallwin, a creative project manager from Brooklyn, New York

J.D. Lopez, a British literature lecturer and lacrosse coach originally from West Hartford, Connecticut

Ellen Dickens, an adult education director from Newcastle, Maine (whose 1-day cash winnings total $21,700)

[next game >>]

Jeopardy! Round responses

I'M A ROCK STAR
BIG DEAL
I SPEAK MANY TONGUES
WHO CARES?
THEY NAMED A MOUNTAIN FOR ME
JUST GET A MOVE ON
    $200 2
(Amanda: Who is Keith Richards?)

Mick Jagger

J.D.Amanda
    $200 1
a caboose

Amanda
    $200 16
stem cells

J.D.
    $200 21
the Mounties

Ellen
    $200 11
(Amanda: What is a trolley?)
(Alex: A trolley? No.)
(Amanda: [*]?)

a cable car

EllenAmanda
    $400 6
Tommy Lee

Amanda
    $400 7
a tsunami

Amanda
    $400 17
(Warren) Buffett

Ellen
    $400 22
(Ellen: What is, uh--what are the Rockies?)
(J.D.: What are the Cascades?)
...
(Alex: With a minute to go, Ellen, make a selection.)

the Sierra Nevadas

EllenJ.D.
Triple Stumper
    $400 12
Greyhound

J.D.
    $600 3
Bono

Amanda
    $600 26
the Baby Bells

Ellen
    $600 8
a faux pas

J.D.
    $600 18
Haiti

J.D.
    $600 23
Colorado

Ellen
    $600 13
a balloon

Ellen
    $800 4
Pink

Triple Stumper
    $800 27
[The end-of-round signal sounds.]

United Airlines

Ellen
    $800 9
a zebra

J.D.
    $800 19
birds

Ellen
    $800 24
the Alps

J.D.
    $1,000 14
(Ellen: What is Asia?)

Australia

Ellen
    $1000 5
Melissa Etheridge

Amanda
    $1000 10
a jungle

J.D.
    $1000 20
Africa

J.D.
    $1000 25
Stalin

Ellen
    $1000 15
Bosnia and Herzegovina

Triple Stumper

Scores at the first commercial break (after clue 14):

Ellen J.D. Amanda
-$200 $3,000 $2,200

Scores at the end of the Jeopardy! Round:

Ellen J.D. Amanda
$3,800 $5,200 $2,200

Double Jeopardy! Round responses

PAINTED LADIES
AT RANDOM
OUR 1st ANNUAL HISTORY AWARDS
"GL"OSSARY
WE ARE THE CHAMPIONS
OF THE SQUIRRELS
    $400 1
Picasso

Amanda
    $400 11
the Lighthouse

Ellen
    $400 16
Ford's Theatre

Amanda
    $400 4
glad

Amanda
    $400 21
the New York Yankees

J.D.
    $400 23
(Alex: You are right, with a minute to go.)

flying squirrels

J.D.
    $2,000 2
Cleopatra

Amanda
    $800 12
(J.D.: What is paddle tennis?)

pickle ball

J.D.
Triple Stumper
    $800 17
(Ellen: Who is Henry VIII?)

Richard III

Ellen
Triple Stumper
    $800 7
a glance

Ellen
    $800 22
the Detroit Lions

Amanda
    $1200 3
Queen Victoria

J.D.
    $1200 13
your ear

Amanda
    $1200 18
Dewey

Amanda
    $1200 8
a gladiola

Triple Stumper
    $1200 26
Canada

Ellen
    $1600 5
(Ellen: Who is Robert the Bruce?)
(J.D.: Who is Wallace?)

Rob Roy

EllenJ.D.
Triple Stumper
    $1600 14
a police sergeant

Triple Stumper
    $1600 19
(Ellen: Who is Billy Mitchell?)

Dreyfus

EllenAmanda
    $1600 9
a glade

Amanda
    $1600 25
(J.D.: Who are the Spurs--the San Antonio Spurs?)

the Miami Heat

J.D.
Triple Stumper
    $1600 27
a plantain squirrel

J.D.
    $2000 6
Christina's World

Amanda
    $2000 15
The Historian

Triple Stumper
    $2,000 20
(Alex: You picked the right one, the one who survived him.)

Catherine Parr

Amanda
    $2000 10
glacial

J.D.
    $2000 24
Soviet Union

J.D.
    $2000 28
[The end-of-round signal sounds.]

rabbits

Triple Stumper

Scores at the end of the Double Jeopardy! Round:

Ellen J.D. Amanda
$2,200 $8,800 $15,800

[wagering suggestions for these scores]

Final Jeopardy! Round responses

SHAKESPEARE PLAYS
EllenWhat is The Tempest?
$2,200
J.D.What is the Tempest
$7,001
AmandaWhat is the Tempest?
$3,200
(1 of) The Tempest & Twelfth Night

Final scores:

Ellen J.D. Amanda
$4,400 $15,801 $19,000
3rd place: $1,000 2nd place: $2,000 New champion: $19,000

Game dynamics:

Coryat scores:

Ellen J.D. Amanda
$3,200 $8,800 $14,600
12 R,
5 W
(including 1 DD)
15 R,
4 W
16 R
(including 2 DDs),
2 W

Combined Coryat: $26,600

[game clues] [game scores] [suggest correction]

Game tape date: 2010-11-30
The J! Archive is created by fans, for fans. Scraping, republication, monetization, and malicious use prohibited; this site may use cookies and collect identifying information. See terms. The Jeopardy! game show and all elements thereof, including but not limited to copyright and trademark thereto, are the property of Jeopardy Productions, Inc. and are protected under law. This website is not affiliated with, sponsored by, or operated by Jeopardy Productions, Inc. Join the discussion at JBoard.tv.